[Event "St Louis Spring A"]
[Site "Saint Louis USA"]
[Date "2022.03.02"]
[Round "1.1"]
[White "Nyzhnyk, Illya"]
[Black "Sevian, Samuel"]
[Result "1/2-1/2"]
[WhiteTitle "GM"]
[BlackTitle "GM"]
[WhiteElo "2674"]
[BlackElo "2684"]
[WhiteFideId "14118084"]
[BlackFideId "2040506"]
[EventDate "2022.03.02"]

1. c4 e5 2. Nc3 Nf6 3. Nf3 e4 4. Ng5 c6 5. Ngxe4 Nxe4 6. Nxe4 d5 7. cxd5 cxd5 8.
Ng3 h5 9. e3 h4 10. Bb5+ Nc6 11. Ne2 h3 12. g3 a6 13. Bxc6+ bxc6 14. Qa4 Qf6 15.
Qf4 Qe6 16. Nd4 Qg6 17. Qe5+ Be7 18. b4 Bd7 19. Bb2 Kd8 20. f4 Qg4 21. f5 Bxb4
22. Rf1 Re8 23. Ne6+ fxe6 24. Rf4 exf5 25. Rxg4 Rxe5 26. Rxb4 Re4 27. Bd4 c5 28.
Bxc5 Rxb4 29. Bxb4 Bb5 30. Bc3 g6 31. Rb1 Kd7 32. Rb4 g5 33. a4 Bc6 34. Kf2 a5
35. Rb1 Bxa4 36. Ra1 Bc2 37. Rxa5 Rxa5 38. Bxa5 g4 39. d4 Ke6 40. Bc7 Be4 1/2-1/2

[Event "St Louis Spring A"]
[Site "Saint Louis USA"]
[Date "2022.03.02"]
[Round "1.2"]
[White "Niemann, Hans Moke"]
[Black "Robson, Ray"]
[Result "1/2-1/2"]
[WhiteTitle "GM"]
[BlackTitle "GM"]
[WhiteElo "2642"]
[BlackElo "2676"]
[WhiteFideId "2093596"]
[BlackFideId "2023970"]
[EventDate "2022.03.02"]

1. c4 e5 2. Nc3 Nf6 3. Nf3 Nc6 4. e4 Bb4 5. d3 d6 6. a3 Bc5 7. b4 Bb6 8. Na4 Bd4
9. Rb1 Bg4 10. Be2 Bxf3 11. Bxf3 Qe7 12. Be3 Nd8 13. Bxd4 exd4 14. O-O O-O 15.
g3 g5 16. Bg4 Nxg4 17. Qxg4 Kh8 18. f4 gxf4 19. Qxf4 Nc6 20. Qf2 Qe5 21. Nb2 Ne7
22. c5 b5 23. cxb6 axb6 24. Nc4 Qg7 25. Qg2 b5 26. Na5 Ng6 27. Rbc1 Rfc8 28. Qa2
Ne5 29. Qd5 Qg5 30. Rf4 c5 31. Rcf1 Qe7 32. Nb7 Ra6 33. Rf6 cxb4 34. axb4 Rc2
35. R6f2 Rxf2 36. Rxf2 Kg8 37. Na5 Nxd3 38. Rc2 Ne5 39. Rc8+ Kg7 40. Qxd4 Qf6
41. Qe3 Nc4 42. Qd3 d5 43. exd5 Qa1+ 44. Qf1 Qd4+ 45. Qf2 Qd1+ 46. Qf1 Qd4+ 47.
Qf2 Qxd5 48. Rc5 Qd1+ 49. Qf1 Qd4+ 50. Qf2 Qd1+ 51. Qf1 Qd4+ 52. Qf2 Ne3 53. Rc1
Rf6 54. Nb3 Qd3 55. Nc5 Qd4 56. Nb3 Qd3 57. Nc5 Rxf2 58. Nxd3 Rg2+ 59. Kh1 Rd2
60. Nf4 Rb2 61. Re1 Nc2 62. Re2 Rb1+ 63. Kg2 Nxb4 64. Re8 Nc6 65. h4 f5 66. Rc8
Rb2+ 67. Kh3 Ne5 68. Rc5 Kf6 69. Nh5+ Ke6 70. Nf4+ Kf6 71. Nh5+ 1/2-1/2

[Event "St Louis Spring A"]
[Site "Saint Louis USA"]
[Date "2022.03.02"]
[Round "1.3"]
[White "Lenderman, Aleksandr"]
[Black "Hakobyan, Aram"]
[Result "1/2-1/2"]
[WhiteTitle "GM"]
[BlackTitle "GM"]
[WhiteElo "2600"]
[BlackElo "2601"]
[WhiteFideId "2021285"]
[BlackFideId "13306677"]
[EventDate "2022.03.02"]

1. d4 Nf6 2. c4 g6 3. g3 c6 4. Nf3 d5 5. Bg2 Bg7 6. cxd5 cxd5 7. Nc3 O-O 8. Ne5
Bf5 9. O-O Ne4 10. Qb3 Nc6 11. Rd1 Nxc3 12. bxc3 e6 13. Nxc6 bxc6 14. Ba3 Re8
15. Qa4 Qb6 16. e3 Qb5 17. Qxb5 cxb5 18. Bf1 Reb8 19. Rd2 Bf8 20. Bxf8 Kxf8 21.
f3 g5 22. Rb2 Rc8 23. Rc1 a6 24. Kf2 Rc6 25. Ke1 h5 26. Kd2 g4 27. Be2 Rac8 28.
Rb4 Ke7 29. a4 bxa4 30. Rxa4 Rb8 31. Rb4 Rcb6 32. fxg4 hxg4 33. Bxa6 Rxb4 34.
cxb4 Rxb4 35. Be2 Kf6 36. Rf1 Kg5 37. Rf2 Rb1 38. Rf1 Rb8 39. Rf2 f6 40. Bd1 Be4
41. Rf4 Bf5 42. Rf2 Rh8 43. Bb3 Be4 44. Kc3 Rc8+ 45. Kb2 Rb8 46. Kc3 Rc8+ 47.
Kb2 Rb8 1/2-1/2

[Event "St Louis Spring A"]
[Site "Saint Louis USA"]
[Date "2022.03.02"]
[Round "1.4"]
[White "Dragun, Kamil"]
[Black "Swiercz, Dariusz"]
[Result "1/2-1/2"]
[WhiteTitle "GM"]
[BlackTitle "GM"]
[WhiteElo "2590"]
[BlackElo "2656"]
[WhiteFideId "1134167"]
[BlackFideId "1126881"]
[EventDate "2022.03.02"]

1. e4 e5 2. Nf3 Nc6 3. Bc4 Bc5 4. d3 Nf6 5. c3 d6 6. O-O a6 7. a4 h6 8. Re1 Ba7
9. Nbd2 Be6 10. Bxe6 fxe6 11. Nf1 a5 12. Be3 Bxe3 13. Nxe3 O-O 14. Nc4 Nd7 15.
d4 Qf6 16. Re2 Qg6 17. Re3 Qf6 18. Qd2 Rf7 19. Rd1 b6 20. Qe2 Raf8 21. Rd2 exd4
22. cxd4 Qg6 23. Na3 e5 24. Nb5 exd4 25. Nbxd4 Nxd4 26. Nxd4 Rxf2 27. Qxf2 Rxf2
28. Rxf2 Ne5 29. Nf5 Qh5 30. h3 Qd1+ 31. Rf1 Qxa4 32. Kh2 g6 33. Ne7+ Kg7 34.
Nd5 c6 35. Nc7 Kg8 36. Ne6 Qc4 37. Rf8+ Kh7 38. Re8 Qc1 39. Re7+ Kg8 40. Re2 Qf1
41. Re8+ Kh7 42. Re7+ Kg8 43. Re8+ Kh7 44. Re7+ Kg8 1/2-1/2

[Event "St Louis Spring A"]
[Site "Saint Louis USA"]
[Date "2022.03.02"]
[Round "1.5"]
[White "Xiong, Jeffery"]
[Black "Antipov, Mikhail Al."]
[Result "1-0"]
[WhiteTitle "GM"]
[BlackTitle "GM"]
[WhiteElo "2686"]
[BlackElo "2615"]
[WhiteFideId "2047640"]
[BlackFideId "4107012"]
[EventDate "2022.03.02"]

1. e4 e5 2. Nf3 Nc6 3. d4 exd4 4. Nxd4 Bc5 5. Nxc6 Qf6 6. Qf3 bxc6 7. Nc3 Rb8 8.
b3 d6 9. Bb2 Bd4 10. Qxf6 Nxf6 11. f3 Be3 12. Ke2 Bd4 13. Rd1 c5 14. Kd2 Nd7 15.
Ba3 Bxc3+ 16. Kxc3 Ne5 17. f4 Nc6 18. e5 Nd4 19. Kb2 Ke7 20. c3 Ne6 21. f5 Nf8
22. Re1 Kd8 23. Rd1 Ke7 24. Bd3 Nd7 25. exd6+ cxd6 26. Rhe1+ Kf6 27. g4 Ne5 28.
h4 h6 29. Bxc5 dxc5 30. g5+ hxg5 31. hxg5+ Kxg5 32. Rxe5 Rh2+ 33. Ka3 c4 34.
Bxc4 Bxf5 35. Bxf7 Kf6 36. Ra5 Rf2 37. Rxa7 g5 38. Bd5 g4 39. c4 Re8 40. Kb4
Ree2 41. a4 Rd2 42. Rg1 Rd3 43. Rf7+ 1-0

[Event "St Louis Spring A"]
[Site "Saint Louis USA"]
[Date "2022.03.03"]
[Round "2.1"]
[White "Sevian, Samuel"]
[Black "Antipov, Mikhail Al."]
[Result "1/2-1/2"]
[WhiteTitle "GM"]
[BlackTitle "GM"]
[WhiteElo "2684"]
[BlackElo "2615"]
[WhiteFideId "2040506"]
[BlackFideId "4107012"]
[EventDate "2022.03.02"]

1. d4 Nf6 2. c4 g6 3. Nc3 d5 4. cxd5 Nxd5 5. e4 Nxc3 6. bxc3 Bg7 7. Nf3 c5 8.
Bb5+ Nc6 9. O-O O-O 10. Bxc6 bxc6 11. Qc2 cxd4 12. cxd4 Bg4 13. Ne5 Qxd4 14. Bb2
Qb4 15. Rab1 Bxe5 16. Bxe5 Qa5 17. Bc3 Qc5 18. Qb2 a5 19. Bd4 Qb4 20. Qa1 Qa4
21. Bc5 Rfe8 22. Rfe1 Rad8 23. Qe5 f6 24. Qg3 Be6 25. a3 Rd7 26. h4 Red8 27. h5
Rd1 28. Qc7 R1d7 29. Qg3 Rd1 30. Qc7 R1d7 31. Qg3 1/2-1/2

[Event "St Louis Spring A"]
[Site "Saint Louis USA"]
[Date "2022.03.03"]
[Round "2.2"]
[White "Swiercz, Dariusz"]
[Black "Xiong, Jeffery"]
[Result "0-1"]
[WhiteTitle "GM"]
[BlackTitle "GM"]
[WhiteElo "2656"]
[BlackElo "2686"]
[WhiteFideId "1126881"]
[BlackFideId "2047640"]
[EventDate "2022.03.02"]

1. d4 d5 2. c4 e6 3. Nf3 Nf6 4. g3 dxc4 5. Bg2 c6 6. O-O b5 7. b3 cxb3 8. Qxb3
Bb7 9. Rd1 a5 10. Ne5 Be7 11. Nc3 Qb6 12. Ne4 Nd5 13. Bb2 f6 14. Nd3 a4 15. Qc2
a3 16. Bc3 Na6 17. Rac1 O-O 18. Ba1 Bc8 19. Qb3 Qa5 20. h4 Bd7 21. h5 Qa4 22.
Qb1 Rad8 23. Bf3 Be8 24. Kg2 Nac7 25. Nec5 Qa8 26. e4 Nb6 27. h6 g5 28. Nb4 Nc4
29. Nbd3 Bg6 30. Qb3 Bf7 31. Qc2 Na6 32. Nxa6 Qxa6 33. Qe2 Rfe8 34. Bh5 Bg6 35.
Rh1 Bxh5 36. Rxh5 Qb7 37. Qg4 Qd7 38. e5 f5 39. Rxg5+ Kh8 40. Rxf5 Rg8 41. Qf3
exf5 42. Rxc4 bxc4 43. Nf4 Rg4 44. e6 Rxf4 45. d5+ Kg8 46. exd7 Rxf3 47. dxc6
Rd3 0-1

[Event "St Louis Spring A"]
[Site "Saint Louis USA"]
[Date "2022.03.03"]
[Round "2.3"]
[White "Hakobyan, Aram"]
[Black "Dragun, Kamil"]
[Result "1-0"]
[WhiteTitle "GM"]
[BlackTitle "GM"]
[WhiteElo "2601"]
[BlackElo "2590"]
[WhiteFideId "13306677"]
[BlackFideId "1134167"]
[EventDate "2022.03.02"]

1. e4 e5 2. Nf3 Nf6 3. d4 Nxe4 4. Bd3 d5 5. Nxe5 Nd7 6. O-O Nxe5 7. dxe5 Nc5 8.
Be3 Nxd3 9. Qxd3 c6 10. Nc3 g6 11. Ne2 Be7 12. f4 Bf5 13. Qb3 Qd7 14. Ng3 Be6
15. Qd3 Bf5 16. Nxf5 Qxf5 17. Qb3 b6 18. Qa4 b5 19. Qa6 Qc8 20. Qxc8+ Rxc8 21.
a4 b4 22. Bxa7 c5 23. a5 Kd7 24. Bb6 f5 25. c3 bxc3 26. bxc3 Kc6 27. Rf2 Ra8 28.
Rd2 Bd8 29. Bxd8 Rhxd8 30. Rb2 d4 31. Rb6+ Kc7 32. Rb3 d3 33. Kf2 Kc6 34. Ke3 d2
35. Rb6+ Kd5 36. Kxd2 Ke4+ 37. Kc2 Kxf4 38. e6 Ra7 39. a6 Rda8 40. Kd3 1-0

[Event "St Louis Spring A"]
[Site "Saint Louis USA"]
[Date "2022.03.03"]
[Round "2.4"]
[White "Robson, Ray"]
[Black "Lenderman, Aleksandr"]
[Result "1-0"]
[WhiteTitle "GM"]
[BlackTitle "GM"]
[WhiteElo "2676"]
[BlackElo "2600"]
[WhiteFideId "2023970"]
[BlackFideId "2021285"]
[EventDate "2022.03.02"]

1. c4 c5 2. Nf3 Nc6 3. Nc3 g6 4. e3 Nf6 5. d4 cxd4 6. exd4 d5 7. h3 Bg7 8. c5
O-O 9. Bb5 Ne4 10. O-O Nxc3 11. bxc3 Qc7 12. Re1 Bd7 13. Bg5 Rfe8 14. Qd2 b6 15.
Bh6 Bh8 16. cxb6 axb6 17. h4 Na5 18. Bd3 Nc4 19. Bxc4 dxc4 20. h5 Bf5 21. Bf4
Qb7 22. Re3 Ra5 23. Rae1 Qa8 24. Rxe7 Rxe7 25. Rxe7 Bf6 26. Qe3 Bxe7 27. Qxe7 f6
28. Bh6 Ra7 29. Qxf6 b5 30. Ne5 Qe8 31. d5 Qe7 32. Qb6 Ra8 33. Nc6 Qd7 34. Qxb5
Bd3 35. d6 Qe6 36. Qb7 Qe1+ 37. Kh2 1-0

[Event "St Louis Spring A"]
[Site "Saint Louis USA"]
[Date "2022.03.03"]
[Round "2.5"]
[White "Nyzhnyk, Illya"]
[Black "Niemann, Hans Moke"]
[Result "1/2-1/2"]
[WhiteTitle "GM"]
[BlackTitle "GM"]
[WhiteElo "2674"]
[BlackElo "2642"]
[WhiteFideId "14118084"]
[BlackFideId "2093596"]
[EventDate "2022.03.02"]

1. c4 e5 2. Nc3 Nf6 3. Nf3 Nc6 4. e4 Bb4 5. d3 d6 6. a3 Bc5 7. b4 Bb6 8. Na4 Bd4
9. Rb1 Bg4 10. Be2 Bxf3 11. Bxf3 a6 12. Qd2 b5 13. Nc3 bxc4 14. dxc4 Bxc3 15.
Qxc3 Nd4 16. Qd3 O-O 17. Bd1 h6 18. O-O Qd7 19. f4 Qc6 20. Re1 Rfe8 21. Bb2 Ne6
22. f5 Ng5 23. Bc2 a5 24. Bc1 axb4 25. axb4 Reb8 26. h4 Ngh7 27. b5 Qc5+ 28. Be3
Qa3 29. c5 dxc5 30. Bb3 Kh8 31. Qe2 Nxe4 32. Bc1 Nc3 33. Qe3 Qb4 34. Bd2 Qxh4
35. Bxc3 f6 36. Bd5 Ra4 37. Qxc5 Ng5 38. Qxc7 Rf8 39. Re3 Qh5 40. Be1 Rd4 41. b6
Rxd5 42. b7 Rdd8 43. b8=Q Rxb8 44. Rxb8 Rxb8 45. Qxb8+ Kh7 46. Qd8 Qg4 47. Qd7
e4 48. Bg3 h5 49. Kf1 Kh6 50. Bd6 Qd1+ 51. Re1 Qd3+ 52. Kg1 Qd4+ 53. Kh1 e3 54.
Rc1 e2 55. Qe8 Qd1+ 56. Kh2 Qxd6+ 57. Kh1 Qd1+ 58. Kh2 1/2-1/2

[Event "St Louis Spring A"]
[Site "Saint Louis USA"]
[Date "2022.03.04"]
[Round "3.1"]
[White "Niemann, Hans Moke"]
[Black "Sevian, Samuel"]
[Result "1/2-1/2"]
[WhiteTitle "GM"]
[BlackTitle "GM"]
[WhiteElo "2642"]
[BlackElo "2684"]
[WhiteFideId "2093596"]
[BlackFideId "2040506"]
[EventDate "2022.03.02"]

1. e4 e5 2. Nf3 Nc6 3. Bb5 a6 4. Ba4 Nf6 5. O-O Nxe4 6. d4 b5 7. Bb3 d5 8. dxe5
Be6 9. Qe2 Be7 10. Rd1 O-O 11. c4 bxc4 12. Bxc4 Bc5 13. Be3 Bxe3 14. Qxe3 Qb8
15. Bb3 Na5 16. Nd4 c5 17. Nxe6 fxe6 18. f3 c4 19. fxe4 cxb3 20. exd5 bxa2 21.
Rxa2 Nc4 22. Qd4 Qb3 23. Nc3 Rac8 24. dxe6 Nxb2 25. Rb1 Qxc3 26. Qxc3 Rxc3 27.
Raxb2 Re8 28. Rb6 Rc5 29. Re1 a5 30. Ra6 h6 31. Re3 Rec8 32. Rd6 a4 33. Ra6 R5c6
34. Rxa4 Rxe6 35. Kf2 Rc5 36. Rae4 g5 37. g4 Kg7 38. h3 Rd5 39. Kg3 Kg6 40. h4
gxh4+ 41. Kxh4 Rb5 42. Re2 Rd5 43. R4e3 Rb5 44. Kg3 Kg5 45. Rh2 Rexe5 46. Rh5+
Kf6 47. Rxh6+ Kg7 48. Rxe5 Rxe5 1/2-1/2

[Event "St Louis Spring A"]
[Site "Saint Louis USA"]
[Date "2022.03.04"]
[Round "3.2"]
[White "Lenderman, Aleksandr"]
[Black "Nyzhnyk, Illya"]
[Result "1/2-1/2"]
[WhiteTitle "GM"]
[BlackTitle "GM"]
[WhiteElo "2600"]
[BlackElo "2674"]
[WhiteFideId "2021285"]
[BlackFideId "14118084"]
[EventDate "2022.03.02"]

1. d4 d5 2. c4 dxc4 3. e3 Nf6 4. Bxc4 e6 5. Nf3 a6 6. O-O c5 7. Nbd2 cxd4 8.
Nxd4 Bd6 9. Be2 O-O 10. N4f3 Nc6 11. b3 Qe7 12. Bb2 Rd8 13. Qb1 h6 14. Rd1 Bc7
15. Nc4 b5 16. Nce5 Nxe5 17. Bxe5 Bb7 18. Qb2 Bxe5 19. Nxe5 b4 20. Rxd8+ Rxd8
21. Rd1 Ne4 22. Rd3 Nc3 23. Bf1 Be4 24. Rd2 Qg5 25. Nc4 Bd5 26. Nb6 a5 27. Nxd5
Rxd5 28. Bc4 Rxd2 29. Qxd2 Qf6 30. f3 g6 31. h3 h5 32. Kh1 h4 33. Kg1 Kg7 34.
Kh1 Nb1 35. Qc1 Na3 36. Bd3 Qc3 37. Qd1 Qb2 38. Be4 Nb5 39. Bc6 Na3 40. Be4 Qe5
41. Qd8 Qc5 42. Qxh4 Qxe3 1/2-1/2

[Event "St Louis Spring A"]
[Site "Saint Louis USA"]
[Date "2022.03.04"]
[Round "3.3"]
[White "Dragun, Kamil"]
[Black "Robson, Ray"]
[Result "0-1"]
[WhiteTitle "GM"]
[BlackTitle "GM"]
[WhiteElo "2590"]
[BlackElo "2676"]
[WhiteFideId "1134167"]
[BlackFideId "2023970"]
[EventDate "2022.03.02"]

1. e4 e5 2. Nf3 Nc6 3. Bc4 Nf6 4. d3 Bc5 5. c3 d6 6. O-O a5 7. Re1 O-O 8. h3 h6
9. Nbd2 Be6 10. Bb5 Nd7 11. Nf1 d5 12. exd5 Bxd5 13. Ne3 Bxe3 14. Bxe3 f5 15. d4
e4 16. Nh2 Ne7 17. Bf1 Bf7 18. c4 c6 19. Bd2 Nf6 20. Bc3 a4 21. b3 b5 22. Qd2
axb3 23. axb3 bxc4 24. bxc4 Qd6 25. Reb1 Rfd8 26. Rxa8 Rxa8 27. Rb7 Ng6 28. Qb2
Re8 29. Qb6 e3 30. fxe3 Qg3 31. Nf3 Rxe3 32. Qd8+ Be8 33. Be1 Rxe1 34. Nxe1 Qxe1
35. Qc7 Nh5 36. Rb8 Kh7 37. Kh2 Qxf1 38. Rxe8 Ngf4 39. Qxc6 Nf6 40. Ra8 Ne2 0-1

[Event "St Louis Spring A"]
[Site "Saint Louis USA"]
[Date "2022.03.04"]
[Round "3.4"]
[White "Xiong, Jeffery"]
[Black "Hakobyan, Aram"]
[Result "0-1"]
[WhiteTitle "GM"]
[BlackTitle "GM"]
[WhiteElo "2686"]
[BlackElo "2601"]
[WhiteFideId "2047640"]
[BlackFideId "13306677"]
[EventDate "2022.03.02"]

1. Nf3 d5 2. g3 g6 3. Bg2 Bg7 4. d4 Nf6 5. c4 c6 6. O-O O-O 7. Qb3 a5 8. Rd1 a4
9. Qb4 dxc4 10. Qxc4 Bf5 11. Bf4 Nbd7 12. Qc1 Re8 13. Nc3 a3 14. bxa3 Qa5 15.
Nh4 Be6 16. Rb1 Ra7 17. Bd2 Qa6 18. e4 Bc4 19. Rb4 b5 20. a4 e5 21. axb5 cxb5
22. a4 Bf8 23. Nxb5 Bxb4 24. Nxa7 Bxd2 25. Rxd2 Qxa4 26. d5 Bxd5 27. Nc8 Qa6 28.
Ne7+ Rxe7 29. exd5 e4 30. d6 Re6 31. Qd1 e3 32. fxe3 Rxe3 33. Kh1 Ra3 34. Qe1
Ng4 35. Bf3 Ne3 36. h3 Ra1 37. Bd1 Qf1+ 38. Qxf1 Nxf1 39. Rd3 Nxg3+ 40. Kg2 Ne4
41. Bg4 Ra2+ 42. Kg1 Nef6 43. Nf3 Kg7 44. Bxd7 Nxd7 45. Nd4 Ra5 46. Nc6 Rc5 47.
Nb4 Kf6 48. Nd5+ Ke5 49. Nc7 Rc4 50. Ne8 Rd4 51. Re3+ Kf4 52. Re2 Re4 0-1

[Event "St Louis Spring A"]
[Site "Saint Louis USA"]
[Date "2022.03.04"]
[Round "3.5"]
[White "Antipov, Mikhail Al."]
[Black "Swiercz, Dariusz"]
[Result "0-1"]
[WhiteTitle "GM"]
[BlackTitle "GM"]
[WhiteElo "2615"]
[BlackElo "2656"]
[WhiteFideId "4107012"]
[BlackFideId "1126881"]
[EventDate "2022.03.02"]

1. e4 e5 2. Nf3 Nc6 3. Bc4 Bc5 4. d3 Nf6 5. O-O d6 6. c3 a6 7. a4 h6 8. Nbd2 Ba7
9. Re1 Be6 10. Bxe6 fxe6 11. b4 O-O 12. h3 Nh5 13. Nf1 Qf6 14. Ra2 Ne7 15. N1h2
Ng6 16. Ng4 Qe7 17. d4 Nf6 18. Nxf6+ Qxf6 19. Be3 Rf7 20. Rd2 exd4 21. cxd4 Raf8
22. Nh2 Ne7 23. b5 axb5 24. axb5 Bb6 25. Ra2 Qg6 26. Qg4 d5 27. Qxg6 Nxg6 28. e5
Nh4 29. Rb1 Nf5 30. Nf3 g5 31. Rb4 Kg7 32. Nh2 Kg6 33. Rba4 Kg7 34. g3 Kg6 35.
Ng4 Nxe3 36. Nxe3 h5 37. Kg2 Rf3 38. Rd2 h4 39. Ng4 hxg3 40. fxg3 Rb3 41. Nf6
Rxb5 42. h4 Ra5 43. h5+ Kh6 44. Rb4 Rfa8 45. Kh3 Ra4 46. Rxa4 Rxa4 47. Rf2 Ra8
48. Nd7 Kxh5 49. g4+ Kh6 50. Nf8 Rxf8 51. Rxf8 Bxd4 52. Re8 Kg7 53. Re7+ Kg6 54.
Rxe6+ Kf7 55. Rf6+ Ke7 56. Rf5 Be3 57. Kg3 Ke6 58. Kf3 Bf4 59. Ke2 b5 60. Kd3 c5
61. Kc2 c4 62. Rf6+ Kxe5 63. Rb6 Ke4 64. Rxb5 d4 65. Rc5 c3 66. Rc8 Kf3 67. Kd3
Be3 0-1

[Event "St Louis Spring A"]
[Site "Saint Louis USA"]
[Date "2022.03.05"]
[Round "4.1"]
[White "Sevian, Samuel"]
[Black "Swiercz, Dariusz"]
[Result "1/2-1/2"]
[WhiteTitle "GM"]
[BlackTitle "GM"]
[WhiteElo "2684"]
[BlackElo "2656"]
[WhiteFideId "2040506"]
[BlackFideId "1126881"]
[EventDate "2022.03.02"]

1. c4 e6 2. Nc3 d5 3. d4 Bb4 4. cxd5 exd5 5. Bf4 c6 6. e3 Ne7 7. Qb3 Bd6 8. Bxd6
Qxd6 9. Bd3 b6 10. Rc1 Ba6 11. Bxa6 Nxa6 12. Nf3 O-O 13. O-O Nc7 14. Rfe1 Ne6
15. Qc2 Rac8 16. Rcd1 Rfd8 17. a3 Qc7 18. e4 c5 19. exd5 Nxd4 20. Qe4 Nef5 21.
Nb5 Nxb5 22. Qxf5 Nd6 23. Qc2 Re8 24. Ne5 Qe7 25. h3 h6 26. Kf1 Qc7 27. Nc6 Qd7
28. Qa4 a5 29. Qb3 Qc7 30. Kg1 c4 31. Qc3 Qd7 32. Qd4 Qc7 33. a4 Kf8 34. Qc3 Kg8
35. Rc1 Qd7 36. Qd4 Qc7 37. Qf4 Qd7 38. Rcd1 Qc7 39. Kh1 Qd7 40. Re3 Rxe3 41.
Qxe3 Re8 42. Qxb6 Re2 43. Kg1 Kh7 44. Nd4 Re5 45. Nb5 Nf5 46. Qc7 Qe8 47. Qxc4
Re1+ 48. Rxe1 Qxe1+ 49. Qf1 Qd2 50. Qb1 g6 51. Nc3 Kg7 52. Qa1 Nd6 53. Nb5 Ne4
54. Qf1 Qxb2 55. Qe1 Qb4 56. Qxb4 axb4 57. a5 Nc5 58. Kf1 b3 59. Ke2 b2 60. Nc3
Kf6 61. Kd1 Na4 62. Nb1 Ke5 63. a6 Kxd5 64. a7 Nb6 65. Kc2 Kc6 66. Kxb2 Kb7 67.
Kc3 Nd5+ 68. Kd4 Nf4 69. Nc3 Nxg2 70. Ke5 Kxa7 71. Ne2 Kb6 72. Kf6 Kc5 73. Kxf7
Kd5 74. Kxg6 Ke4 75. Ng1 Nf4+ 76. Kxh6 Kf5 77. f3 Kf6 78. h4 Kf5 79. Kg7 Ne6+
80. Kf7 Nf4 81. Kg7 Ne6+ 82. Kh7 Nf4 83. Kh6 Kf6 84. h5 Kf5 85. Ne2 Nxe2 86. Kg7
Nf4 87. h6 Ne6+ 88. Kg8 Ng5 89. h7 Nxh7 90. Kxh7 Kf4 91. Kg7 Kxf3 1/2-1/2

[Event "St Louis Spring A"]
[Site "Saint Louis USA"]
[Date "2022.03.05"]
[Round "4.2"]
[White "Hakobyan, Aram"]
[Black "Antipov, Mikhail Al."]
[Result "1/2-1/2"]
[WhiteTitle "GM"]
[BlackTitle "GM"]
[WhiteElo "2601"]
[BlackElo "2615"]
[WhiteFideId "13306677"]
[BlackFideId "4107012"]
[EventDate "2022.03.02"]

1. e4 e5 2. Nf3 Nc6 3. Bb5 Nf6 4. d3 Bc5 5. Bxc6 dxc6 6. Nbd2 b6 7. Nc4 Nd7 8.
O-O f6 9. c3 Ba6 10. b4 Bd6 11. Nh4 g6 12. Bh6 Qe7 13. g3 Qe6 14. Qb3 Bxc4 15.
dxc4 a5 16. c5 Qxb3 17. axb3 bxc5 18. bxa5 Kf7 19. Bd2 Ra7 20. Ra3 Rb8 21. Ng2
c4 22. b4 c5 23. Ra4 cxb4 24. cxb4 c5 25. b5 Rxb5 26. Ne3 Ke6 27. Raa1 Bc7 28.
Nxc4 Nb8 29. Rfb1 Rxb1+ 30. Rxb1 Nc6 31. Rb5 Nd4 32. Rxc5 Nf3+ 33. Kg2 Nxd2 34.
Nxd2 Bxa5 35. Nc4 Rc7 36. Rxc7 Bxc7 37. Ne3 f5 38. f3 Bd8 39. Kf1 fxe4 40. fxe4
h5 41. Ke2 Bb6 42. Nc4 Bd4 43. h3 Bc3 44. Ne3 Bd4 45. Ng2 Bb6 46. Nh4 Kf6 47.
Nf3 Ke6 48. Kd3 Bf2 49. g4 hxg4 50. hxg4 Bb6 51. Kc4 Ba5 52. Kc5 Bd8 53. Kc6 Ba5
54. Ng5+ Kf6 55. Nh3 Ke6 56. Ng1 Kf6 57. Nf3 Ke6 58. Kc5 Bd8 59. Kb5 Be7 60. Kc6
Bb4 61. Ng5+ Kf6 62. Nh3 Ke6 63. Nf2 Bc3 64. Nd3 Kf6 65. Kd5 Ba1 66. Nxe5 Bxe5
67. g5+ Kxg5 68. Kxe5 Kh4 69. Kf6 g5 70. e5 g4 71. e6 g3 72. e7 g2 73. e8=Q g1=Q
74. Qh8+ Kg3 75. Qg7+ Kf2 76. Qxg1+ Kxg1 1/2-1/2

[Event "St Louis Spring A"]
[Site "Saint Louis USA"]
[Date "2022.03.05"]
[Round "4.3"]
[White "Robson, Ray"]
[Black "Xiong, Jeffery"]
[Result "1/2-1/2"]
[WhiteTitle "GM"]
[BlackTitle "GM"]
[WhiteElo "2676"]
[BlackElo "2686"]
[WhiteFideId "2023970"]
[BlackFideId "2047640"]
[EventDate "2022.03.02"]

1. Nf3 d5 2. d4 Nf6 3. c4 dxc4 4. e3 e6 5. Bxc4 c5 6. O-O Nc6 7. a3 a6 8. dxc5
Qxd1 9. Rxd1 Bxc5 10. b4 Be7 11. Bb2 O-O 12. Nbd2 Bd7 13. Be2 Rfd8 14. Rac1 Be8
15. g3 Rac8 16. Nb3 Rxd1+ 17. Bxd1 Na7 18. Rxc8 Nxc8 19. Nfd2 Na7 20. Bf3 Bc6
21. e4 Nd7 22. Na5 Bf6 23. Bxf6 Nxf6 24. Be2 Kf8 25. f3 Ke7 26. Kf2 Kd6 27.
Ndc4+ Kc7 28. Ne5 Be8 29. Ke3 Nd7 30. Nxd7 Bxd7 31. f4 Bb5 32. Bxb5 Nxb5 33. Nc4
Nd6 34. Kd4 Nxc4 35. Kxc4 f6 36. a4 b6 37. e5 f5 38. b5 a5 39. Kd3 Kd7 40. Ke3
Ke7 1/2-1/2

[Event "St Louis Spring A"]
[Site "Saint Louis USA"]
[Date "2022.03.05"]
[Round "4.4"]
[White "Nyzhnyk, Illya"]
[Black "Dragun, Kamil"]
[Result "1-0"]
[WhiteTitle "GM"]
[BlackTitle "GM"]
[WhiteElo "2674"]
[BlackElo "2590"]
[WhiteFideId "14118084"]
[BlackFideId "1134167"]
[EventDate "2022.03.02"]

1. c4 e5 2. Nc3 Bb4 3. g3 Bxc3 4. bxc3 d6 5. Bg2 Ne7 6. Nf3 Nbc6 7. O-O O-O 8.
d3 Rb8 9. Nh4 Be6 10. f4 Qd7 11. e4 exf4 12. Bxf4 Bh3 13. Bxh3 Qxh3 14. c5 Rbd8
15. d4 Qd7 16. d5 Ne5 17. Bxe5 dxe5 18. Qb3 b6 19. Nf3 Ng6 20. c6 Qg4 21. Rae1
Rd6 22. Qd1 Qc8 23. Nd2 Qa6 24. Qb3 Rdd8 25. Nc4 Kh8 26. a4 f6 27. Qb4 Qc8 28.
a5 h6 29. axb6 axb6 30. Ne3 Kh7 31. Nf5 Nh8 32. Ra1 Nf7 33. Ra7 Nd6 34. g4 Rf7
35. Kh1 Nxf5 36. gxf5 Rg8 37. d6 g6 38. Qc4 Rfg7 39. fxg6+ Kxg6 40. Rxc7 Rxc7
41. Rg1+ Kh7 42. Qxg8+ Qxg8 43. Rxg8 Rxc6 44. d7 1-0

[Event "St Louis Spring A"]
[Site "Saint Louis USA"]
[Date "2022.03.05"]
[Round "4.5"]
[White "Niemann, Hans Moke"]
[Black "Lenderman, Aleksandr"]
[Result "1-0"]
[WhiteTitle "GM"]
[BlackTitle "GM"]
[WhiteElo "2642"]
[BlackElo "2600"]
[WhiteFideId "2093596"]
[BlackFideId "2021285"]
[EventDate "2022.03.02"]

1. d4 Nf6 2. c4 e6 3. Nf3 d5 4. g3 Bb4+ 5. Bd2 Be7 6. Bg2 O-O 7. Qc2 c6 8. O-O
Nbd7 9. Bf4 b6 10. Rd1 Bb7 11. Ne5 Nh5 12. Bd2 Nhf6 13. cxd5 cxd5 14. Nc6 Bxc6
15. Qxc6 Qb8 16. Rc1 Rc8 17. Qxc8+ Qxc8 18. Rxc8+ Rxc8 19. Nc3 Nb8 20. e3 Ne8
21. Bh3 Rd8 22. Nb5 a6 23. Na7 Rd7 24. Rc1 Rxa7 25. Rc8 Kf8 26. Rxb8 b5 27. Bf1
Bd6 28. Rc8 Ke7 29. Rc1 Rc7 30. Rd1 Nf6 31. Bd3 Ne4 32. Ba5 Rc6 33. f3 Nf6 34.
Bd2 Nd7 35. Kf2 g6 36. b3 Ba3 37. Ke2 Nb6 38. g4 Nd7 39. h4 Bd6 40. Ra1 b4 41.
e4 dxe4 42. fxe4 e5 43. d5 Rb6 44. Rc1 Bc5 45. g5 a5 46. Kf3 Kd6 47. Bf1 Rb7 48.
Bh3 Rc7 49. Bxd7 Kxd7 50. Be3 Be7 51. Rxc7+ Kxc7 52. Ke2 f6 53. Kd3 fxg5 54.
Bxg5 Kd7 55. Ke2 Bf8 56. Kf3 h6 57. Be3 h5 58. Bb6 Kc8 59. Bxa5 Kb7 60. Ke2 Bd6
61. Kd3 Ka6 62. Bd8 Kb5 63. Bg5 Kc5 64. Bc1 Kb5 65. Bb2 Bc7 66. a4+ bxa3 67.
Bxa3 Bd8 68. Bd6 Bxh4 69. Bxe5 Kb4 70. Bd6+ Kxb3 71. e5 Bg3 72. Bc7 h4 73. e6 h3
74. Bxg3 1-0